| 000 | 00863cam a22002534a 4500 | ||
|---|---|---|---|
| 001 | 13758569 | ||
| 005 | 20251129172238.0 | ||
| 008 | 041022s2005 flua b 001 0 eng | ||
| 020 |
_a084931741X _qalk. paper |
||
| 050 | 0 | 0 |
_aTA418.9.C6 _bN373 2005 |
| 082 | 0 | 0 |
_a620.1/92 _222 |
| 245 | 0 | 0 |
_aNatural fibers, biopolymers, and biocomposites / _cedited by Amar K. Mohanty, Manjusri Misra, Lawrence T. Drzal. |
| 260 |
_aBoca Raton, FL : _bTaylor & Francis _c2005. |
||
| 300 |
_a875 p. : _bill. ; _c24 cm. |
||
| 650 | 0 | _aPolymeric composites. | |
| 650 | 0 | _aBiopolymers. | |
| 650 | 0 | _aFibers. | |
| 650 | 0 | _aPlant fibers. | |
| 700 | 1 | _aMohanty, Amar K. | |
| 700 | 1 | _aMisra, Manjusri. | |
| 700 | 1 |
_aDrzal, Lawrence T. _q(Lawrence Thaddeus) |
|
| 856 | 4 | 2 |
_3Publisher description _uhttp://www.loc.gov/catdir/enhancements/fy0646/2004058580-d.html |
| 942 |
_2lcc _cBK _n0 |
||
| 999 |
_c8472 _d8472 |
||